LEADER 01202nam a2200301 4500 001 000000360443 003 CaOOAMICUS 005 20241024113942.0 008 241023s2006 it 000 u ita r 020 $a978-88-06-18087-4 040 $aSeMil$bita 100 1 $aVercors,$d<1902-1991>.$0(OLS)http://semarc/name/62780 240 13$aLe silence de la mer.$0(OLS)http://semarc/title/450940 245 13$aIl silenzio del mare /$cVercors ; traduzione di Natalia Ginzburg. 264 1$aTorino :$bEinaudi,$c2006. 300 $aXXIV, 51 p. ;$c21 cm 490 1 $aET. Scrittori ;$v1395 700 1 $aGinzburg, Natalia,$d<1916-1991>.$0(OLS)http://semarc/name/8344 830 0$aET. Scrittori ;$v1395.$0(OLS)http://semarc/title/450942 850 $aSeMil 852 $aSeMil$W1$xVenegono$y1$m1W II 525$j251888$B251450$CSeMilBibl$Z2$F251450 $81 900 1 $aBruller, Jean. 961 $aBuzzi mons. Franco - Omaggio 996 $6020$a978-88-06-18087-4$9(OLS)http://semarc/number/301616 996 $6245$aIl silenzio del mare$9(OLS)http://semarc/title/450941 996 $6264$aTorino :$bEinaudi$9(OLS)http://semarc/publisher/29884